The new Mormon challenge : (Record no. 9752)

MARC details
000 -LEADER
fixed length control field 01467cam a22003494a 4500
001 - CONTROL NUMBER
control field 12582239
003 - CONTROL NUMBER IDENTIFIER
control field OSt
005 - DATE AND TIME OF LATEST TRANSACTION
control field 20210204120622.0
008 - FIXED-LENGTH DATA ELEMENTS--GENERAL INFORMATION
fixed length control field 011106s2002 miu b 001 0 eng
010 ## - LIBRARY OF CONGRESS CONTROL NUMBER
LC control number 2001006899
020 ## - INTERNATIONAL STANDARD BOOK NUMBER
International Standard Book Number 0310231949 (Hardcover : alk. paper)
020 ## - INTERNATIONAL STANDARD BOOK NUMBER
Canceled/invalid ISBN 9780310873419
Qualifying information ebook
040 ## - CATALOGING SOURCE
Original cataloging agency DLC
Transcribing agency DLC
Modifying agency DLC
042 ## - AUTHENTICATION CODE
Authentication code pcc
050 00 - LIBRARY OF CONGRESS CALL NUMBER
Classification number BX8635.3
Item number .N49 2002
082 00 - DEWEY DECIMAL CLASSIFICATION NUMBER
Classification number 289.3
Edition number 21
245 04 - TITLE STATEMENT
Title The new Mormon challenge :
Remainder of title responding to the latest defenses of a fast-growing movement /
Statement of responsibility, etc. Francis J. Beckwith, Carl Mosser, Paul Owen, general editors.
260 ## - PUBLICATION, DISTRIBUTION, ETC.
Place of publication, distribution, etc. Grand Rapids, Mich. :
Name of publisher, distributor, etc. Zondervan,
Date of publication, distribution, etc. c2002.
300 ## - PHYSICAL DESCRIPTION
Extent 535 p. ;
Dimensions 24 cm.
504 ## - BIBLIOGRAPHY, ETC. NOTE
Bibliography, etc. note Includes bibliographical references (p. 401-506) and indexes.
610 20 - SUBJECT ADDED ENTRY--CORPORATE NAME
Corporate name or jurisdiction name as entry element Church of Jesus Christ of Latter-day Saints.
610 20 - SUBJECT ADDED ENTRY--CORPORATE NAME
Corporate name or jurisdiction name as entry element Church of Jesus Christ of Latter-day Saints
General subdivision Doctrines.
700 1# - ADDED ENTRY--PERSONAL NAME
Personal name Beckwith, Francis.
700 1# - ADDED ENTRY--PERSONAL NAME
Personal name Mosser, Carl,
Dates associated with a name 1972-
700 1# - ADDED ENTRY--PERSONAL NAME
Personal name Owen, Paul,
Dates associated with a name 1970-
856 42 - ELECTRONIC LOCATION AND ACCESS
Materials specified Publisher description
Uniform Resource Identifier <a href="http://www.loc.gov/catdir/enhancements/fy0633/2001006899-d.html">http://www.loc.gov/catdir/enhancements/fy0633/2001006899-d.html</a>
856 41 - ELECTRONIC LOCATION AND ACCESS
Materials specified Table of contents only
Uniform Resource Identifier <a href="http://www.loc.gov/catdir/enhancements/fy0633/2001006899-t.html">http://www.loc.gov/catdir/enhancements/fy0633/2001006899-t.html</a>
856 41 - ELECTRONIC LOCATION AND ACCESS
Materials specified Sample text
Uniform Resource Identifier <a href="http://www.loc.gov/catdir/enhancements/fy0642/2001006899-s.html">http://www.loc.gov/catdir/enhancements/fy0642/2001006899-s.html</a>
906 ## - LOCAL DATA ELEMENT F, LDF (RLIN)
a 7
b cbc
c orignew
d 1
e ecip
f 20
g y-gencatlg
942 ## - ADDED ENTRY ELEMENTS (KOHA)
Source of classification or shelving scheme Dewey Decimal Classification
Koha item type Books
Holdings
Withdrawn status Lost status Source of classification or shelving scheme Damaged status Not for loan Collection code Home library Current library Shelving location Date acquired Total Checkouts Full call number Barcode Date last seen Price effective from Koha item type
    Dewey Decimal Classification     Non-fiction Harvest Mission College Harvest Mission College General Stacks 04.02.2021   289.3 B397N 011196 04.02.2021 04.02.2021 Books

OPAC Designed and Maintained by HMC Library Team.
Copyright © HMC Library,Greater Noida, UP.
For any Suggestions/Query Contact library via Email:libhmc@gmail.com